[Event "Zadar op-B 25th"]
[Site "Zadar"]
[Date "2018.12.18"]
[Round "5"]
[White "Sliskovic, Anto"]
[Black "Bubicic, Josip"]
[Result "1/2-1/2"]
[WhiteElo "1889"]
[BlackElo "2027"]
[PlyCount "79"]
[EventDate "2018.12.15"]
[EventType "swiss"]
[EventRounds "9"]
[EventCountry "CRO"]
[SourceTitle "CBM 188 Extra"]
[Source "ChessBase"]
[SourceDate "2019.02.28"]
[SourceVersion "1"]
[SourceVersionDate "2019.02.28"]
[SourceQuality "1"]

1. Nf3 Nf6 2. g3 g6 3. Bg2 Bg7 4. 0-0 0-0 5. c4 d6 6. d4 Nbd7 7. b3 e5 8. e3 Re8 9. Bb2 c6 10. dxe5 Ng4 11. Qxd6 Ndxe5 12. Qxd8 Rxd8 13. Nxe5 Nxe5 14. a3 Rd3 15. Bc3 f5 16. Ra2 Be6 17. Rc2 Rad8 18. Rd2 Rxd2 19. Nxd2 Rd3 20. Rc1 g5 21. Nb1 g4 22. Bf1 Nf3+ 23. Kg2 Rd8 24. Be2 Ng5 25. Bxg7 Kxg7 26. Rd1 Rxd1 27. Bxd1 Kf6 28. Nc3 b6 29. Bc2 Nf3 30. Bd1 Nd2 31. Ne2 b5 32. cxb5 Bd5+ 33. Kg1 Nf3+ 34. Kf1 Nxh2+ 35. Kg1 Nf3+ 36. Kf1 Nd2+ 37. Kg1 Nf3+ 38. Kf1 Nd2+ 39. Ke1 Nf3+ 40. Kf1 1/2-1/2

[Event "CRO-chT1B"]
[Site "Bol"]
[Date "2014.10.04"]
[Round "1.3"]
[White "Bubicic, Josip"]
[Black "Matanovic, Luka"]
[Result "0-1"]
[WhiteElo "2028"]
[BlackElo "2120"]
[PlyCount "48"]
[EventDate "2014.10.04"]
[EventType "team-tourn"]
[EventRounds "9"]
[EventCountry "CRO"]
[SourceTitle "CBM 162 Extra"]
[Source "ChessBase"]
[SourceDate "2014.10.17"]
[SourceVersion "1"]
[SourceVersionDate "2014.10.17"]
[SourceQuality "1"]
[WhiteTeam "Zadar"]
[BlackTeam "Slavonski Brod"]
[WhiteTeamCountry "CRO"]
[BlackTeamCountry "CRO"]

1. d4 d5 2. c4 c6 3. e3 Nf6 4. Nc3 g6 5. cxd5 cxd5 6. Nf3 Bg7 7. Bd3 Nc6 8. 0-0 0-0 9. h3 b6 10. Re1 Bb7 11. a3 Rc8 12. Bd2 Re8 13. b4 e5 14. Bb5 Ne4 15. Nxe4 dxe4 16. Bxc6 Rxc6 17. Nxe5 Bxe5 18. dxe5 Rxe5 19. Bc1 Rd5 20. Qe2 Qd6 21. Ra2 Bc8 22. Rd2 Rxc1 23. Rxc1 Rxd2 24. Rxc8+ Kg7 0-1

[Event "Zadar op-B 20th"]
[Site "Zadar"]
[Date "2013.12.17"]
[Round "4"]
[White "Muratovic, Enver"]
[Black "Bubicic, Josip"]
[Result "1-0"]
[WhiteElo "2277"]
[BlackElo "2064"]
[PlyCount "73"]
[EventDate "2013.12.15"]
[EventType "swiss"]
[EventRounds "9"]
[EventCountry "CRO"]
[SourceTitle "CBM 158 Extra"]
[Source "ChessBase"]
[SourceDate "2014.02.28"]
[SourceVersion "1"]
[SourceVersionDate "2014.02.28"]
[SourceQuality "1"]

1. e4 e5 2. Nf3 Nc6 3. Bb5 Bc5 4. 0-0 Nf6 5. c3 0-0 6. d4 Bb6 7. Bg5 d6 8. h3 h6 9. Bh4 Qe7 10. Re1 Nb8 11. Nbd2 c6 12. Bf1 Nbd7 13. Nc4 Bc7 14. Ne3 g6 15. Nh2 Qe8 16. Nhg4 Nxg4 17. Nxg4 Kg7 18. Qd2 Rh8 19. dxe5 dxe5 20. b4 h5 21. Ne3 Bd8 22. Bxd8 Qxd8 23. Qd6 Re8 24. Rad1 Re6 25. Qd2 Qf6 26. Bc4 Re8 27. Bb3 Nf8 28. b5 Nh7 29. Qd6 cxb5 30. Qc5 Ng5 31. Nd5 Nf3+ 32. gxf3 Qg5+ 33. Kf1 Bxh3+ 34. Ke2 a6 35. Rg1 Qh4 36. Nc7 Rf8 37. Qxe5+ 1-0

[Event "Zadar op-B 20th"]
[Site "Zadar"]
[Date "2013.12.16"]
[Round "2"]
[White "Veleski, Robert"]
[Black "Bubicic, Josip"]
[Result "1-0"]
[WhiteElo "2242"]
[BlackElo "2064"]
[PlyCount "127"]
[EventDate "2013.12.15"]
[EventType "swiss"]
[EventRounds "9"]
[EventCountry "CRO"]
[SourceTitle "CBM 158 Extra"]
[Source "ChessBase"]
[SourceDate "2014.02.28"]
[SourceVersion "1"]
[SourceVersionDate "2014.02.28"]
[SourceQuality "1"]

1. c4 Nf6 2. Nc3 g6 3. g3 Bg7 4. Bg2 0-0 5. d3 d6 6. e3 e5 7. Nge2 c6 8. 0-0 h6 9. d4 Re8 10. dxe5 dxe5 11. Qxd8 Rxd8 12. b3 Na6 13. Ba3 Bf8 14. Bxf8 Kxf8 15. Rfd1 Bf5 16. e4 Be6 17. f3 Nb4 18. Kf2 a5 19. a3 Nc2 20. Ra2 Rxd1 21. Nxd1 Rd8 22. Ndc3 Nd4 23. Rd2 Ke7 24. Nxd4 exd4 25. Ne2 a4 26. b4 Bxc4 27. Nxd4 Nd7 28. f4 Nb6 29. Nf3 Bb3 30. Bf1 Bc4 31. Bh3 Bb3 32. Rxd8 Kxd8 33. Nd2 Kc7 34. Ke3 Ba2 35. Kd4 Nd7 36. Bg4 b6 37. Bxd7 Kxd7 38. Nf3 Kd6 39. e5+ Ke6 40. g4 Bb1 41. Nd2 Ba2 42. Ne4 Bb3 43. Nd6 Bc2 44. Nc4 b5 45. Ne3 Bb1 46. h4 Kd7 47. f5 Ba2 48. Nf1 Bb1 49. Ng3 Ba2 50. Ne4 Kc7 51. Nf6 Bb3 52. Ng8 h5 53. gxh5 gxh5 54. Nf6 Bd1 55. Ne4 Bb3 56. Nc5 Bc2 57. f6 Bg6 58. Ke3 Kd8 59. Kf4 Bc2 60. Kg5 Bd1 61. Kh6 Be2 62. Kg7 Bc4 63. e6 Ke8 64. e7 1-0

[Event "CRO-chT2S"]
[Site "Makarska"]
[Date "2013.11.10"]
[Round "9.5"]
[White "Bubicic, Josip"]
[Black "Baturina, Andrija"]
[Result "0-1"]
[WhiteElo "2074"]
[BlackElo "2129"]
[PlyCount "62"]
[EventDate "2013.04.05"]
[EventType "team-tourn"]
[EventRounds "9"]
[EventCountry "CRO"]
[SourceTitle "EXT 2014"]
[Source "ChessBase"]
[SourceDate "2013.11.20"]
[SourceVersion "1"]
[SourceVersionDate "2013.11.20"]
[SourceQuality "1"]
[WhiteTeam "Zadar"]
[BlackTeam "Split Mornar"]
[WhiteTeamCountry "CRO"]
[BlackTeamCountry "CRO"]

1. e4 c5 2. Nf3 e6 3. d3 Nc6 4. g3 d5 5. Nbd2 Nf6 6. Bg2 Be7 7. 0-0 0-0 8. e5 Nd7 9. Re1 b5 10. Nf1 Bb7 11. h4 Qc7 12. Bf4 d4 13. Ng5 Bxg5 14. hxg5 Ne7 15. Nh2 Bxg2 16. Kxg2 Qc6+ 17. Re4 c4 18. Qh5 Nc5 19. f3 Nxe4 20. dxe4 Ng6 21. Ng4 Rfd8 22. Rh1 d3 23. Qxh7+ Kf8 24. Bd2 c3 25. Bxc3 a5 26. Rh6 dxc2 27. Rxg6 fxg6 28. Qh8+ Kf7 29. Nh6+ gxh6 30. Qf6+ Ke8 31. gxh6 Kd7 0-1

[Event "CRO-chT2 1B League qual"]
[Site "Opatija"]
[Date "2012.11.25"]
[Round "3.1"]
[White "Muslija, Idris"]
[Black "Bubicic, Josip"]
[Result "1-0"]
[WhiteElo "2268"]
[BlackElo "2065"]
[PlyCount "89"]
[EventDate "2012.11.24"]
[EventType "team-tourn"]
[EventRounds "3"]
[EventCountry "CRO"]
[SourceTitle "EXT 2014"]
[Source "ChessBase"]
[SourceDate "2013.11.20"]
[SourceVersion "1"]
[SourceVersionDate "2013.11.20"]
[SourceQuality "1"]
[WhiteTeam "Karlobag"]
[BlackTeam "Zadar"]
[WhiteTeamCountry "CRO"]
[BlackTeamCountry "CRO"]

1. c4 Nf6 2. Nc3 g6 3. e4 d6 4. d4 Bg7 5. Be2 0-0 6. Nf3 e5 7. d5 Nbd7 8. 0-0 Nc5 9. Qc2 a5 10. b3 h6 11. Nd2 Nh7 12. a3 f5 13. Rb1 Ng5 14. f3 Bd7 15. b4 axb4 16. axb4 Na4 17. Nxa4 Bxa4 18. Qc3 fxe4 19. Nxe4 Nxe4 20. fxe4 Rxf1+ 21. Bxf1 Qh4 22. Bd3 Rf8 23. Be3 Bd7 24. c5 Rf7 25. Qc4 Bf8 26. Qc1 Kg7 27. Rb2 Be7 28. Rf2 Rxf2 29. Bxf2 Qf6 30. Be3 g5 31. Qa3 Qf8 32. Qc3 Qa8 33. b5 Qa4 34. c6 Qd1+ 35. Bf1 bxc6 36. dxc6 Bg4 37. b6 Be2 38. Qc1 cxb6 39. Qxd1 Bxd1 40. c7 Bg4 41. Ba6 b5 42. c8Q Bxc8 43. Bxc8 d5 44. exd5 b4 45. Bf5 1-0

[Event "CRO-chT qual"]
[Site "Bizovac"]
[Date "2008.12.27"]
[Round "1"]
[White "Tomerlin, Sinisa"]
[Black "Bubicic, Josip"]
[Result "1-0"]
[WhiteElo "2306"]
[BlackElo "2099"]
[PlyCount "77"]
[EventDate "2008.12.27"]
[EventType "tourn"]
[EventRounds "3"]
[EventCountry "CRO"]
[SourceTitle "CBM 128 Extra"]
[Source "ChessBase"]
[SourceDate "2009.03.05"]
[SourceVersion "2"]
[SourceVersionDate "2009.03.25"]
[SourceQuality "1"]

1. e4 e5 2. Nf3 Nc6 3. d4 exd4 4. Bc4 Nf6 5. 0-0 Nxe4 6. Re1 d5 7. Bxd5 Qxd5 8. Nc3 Qa5 9. Nxe4 Be6 10. Neg5 0-0-0 11. Nxe6 fxe6 12. Rxe6 Bd6 13. Bg5 Rde8 14. Qe1 Qxe1+ 15. Raxe1 Kd7 16. Rxe8 Rxe8 17. Rd1 Re2 18. Bd2 h6 19. Kf1 Re4 20. a3 a5 21. Bc1 a4 22. g3 g5 23. h3 Ke8 24. Kg2 Bc5 25. Re1 Rxe1 26. Nxe1 Kf7 27. Kf3 Ne5+ 28. Ke4 Ke6 29. Nd3 Nxd3 30. cxd3 Bb6 31. g4 c5 32. f4 Bd8 33. Bd2 gxf4 34. Bxf4 Bg5 35. h4 Bxh4 36. Bxh6 b5 37. Bf8 Bg5 38. Bxc5 Be3 39. Bxd4 1-0

[Event "CRO-chT3"]
[Site "Zadar"]
[Date "1999.??.??"]
[Round "4"]
[White "Ikica, Ante"]
[Black "Bubicic, Josip"]
[Result "1-0"]
[WhiteElo "2025"]
[BlackElo "2140"]
[PlyCount "101"]
[EventDate "1999.??.??"]
[EventType "team-tourn"]
[EventRounds "7"]
[EventCountry "CRO"]
[SourceTitle "EXT 2000"]
[Source "ChessBase"]
[SourceDate "1999.11.16"]
[SourceVersion "1"]
[SourceVersionDate "1999.11.16"]
[SourceQuality "1"]

1. Nf3 d5 2. b3 Nf6 3. Bb2 e6 4. e3 Be7 5. d4 0-0 6. Bd3 Ne4 7. Nbd2 f5 8. 0-0 Nd7 9. c4 c6 10. a3 Bf6 11. Qe2 c5 12. Ne5 Bxe5 13. dxe5 Qb6 14. b4 cxb4 15. axb4 Qxb4 16. Nf3 Qe7 17. Rfc1 Ndc5 18. Ba3 b6 19. Nd4 Qh4 20. Bxe4 dxe4 21. Bxc5 bxc5 22. Nb5 f4 23. exf4 Qxf4 24. Nd6 Qxe5 25. Qxe4 Qxe4 26. Nxe4 Rf5 27. Ra5 Bb7 28. Nd6 Rf7 29. Nxf7 Kxf7 30. Rxc5 Kf6 31. Rc7 Be4 32. f3 Bd3 33. Rc3 Bg6 34. Kf2 a5 35. Ra3 a4 36. Ke3 Bc2 37. Kd2 Bb3 38. Kc3 Rd8 39. Ra1 g5 40. Rc6 Bd1 41. c5 Bb3 42. Rc1 Rb8 43. Rb6 Rc8 44. Kb4 Ke5 45. Rc3 Ra8 46. Ka3 Kd4 47. Rc1 Ke3 48. c6 Kd2 49. Rc5 Rc8 50. c7 e5 51. Rb8 1-0

[Event "Zadar op"]
[Site "Zadar"]
[Date "1998.??.??"]
[Round "9"]
[White "Biliskov, Vjekoslav"]
[Black "Bubicic, Josip"]
[Result "1/2-1/2"]
[WhiteElo "2325"]
[BlackElo "2150"]
[PlyCount "100"]
[EventDate "1998.12.??"]
[EventType "swiss"]
[EventRounds "9"]
[EventCountry "CRO"]
[SourceTitle "EXT 2000"]
[Source "ChessBase"]
[SourceDate "1999.11.16"]
[SourceVersion "1"]
[SourceVersionDate "1999.11.16"]
[SourceQuality "1"]

1. e4 c5 2. Nf3 d6 3. d4 cxd4 4. Nxd4 Nf6 5. Nc3 Nc6 6. Bc4 Qb6 7. Nde2 e6 8. 0-0 Be7 9. Bb3 0-0 10. Kh1 Na5 11. Bg5 Qc5 12. f4 b5 13. Ng3 Bb7 14. Qe2 b4 15. e5 dxe5 16. Bxf6 Bxf6 17. Nce4 Qe7 18. Nxf6+ Qxf6 19. fxe5 Qg5 20. Rf2 Rad8 21. Re1 Nxb3 22. axb3 Rd4 23. Ref1 Rh4 24. Kg1 Bd5 25. Qb5 Qe3 26. c4 Ba8 27. Qxb4 Rf4 28. Qc3 Rxf2 29. Rxf2 Qg5 30. Rd2 h5 31. b4 h4 32. Nf1 h3 33. Qxh3 Qxe5 34. Qe3 Qc7 35. b3 a6 36. Ng3 Qb7 37. Qc3 Rb8 38. Nh5 f6 39. Qg3 Rf8 40. c5 g5 41. Qc3 Qf7 42. Ng3 Qb7 43. Nh5 Qf7 44. Ng3 Qb7 45. Nh5 Qf7 46. Ng3 Qb7 47. Nh5 Qf7 48. Ng3 Qb7 49. Nh5 Qf7 50. Ng3 Qb7 1/2-1/2

[Event "Zadar op"]
[Site "Zadar"]
[Date "1998.??.??"]
[Round "1"]
[White "Bubicic, Josip"]
[Black "Delchev, Aleksander"]
[Result "0-1"]
[WhiteElo "2150"]
[BlackElo "2545"]
[PlyCount "70"]
[EventDate "1998.12.??"]
[EventType "swiss"]
[EventRounds "9"]
[EventCountry "CRO"]
[SourceTitle "EXT 2000"]
[Source "ChessBase"]
[SourceDate "1999.11.16"]
[SourceVersion "1"]
[SourceVersionDate "1999.11.16"]
[SourceQuality "1"]

1. e4 g6 2. d3 Bg7 3. g3 c5 4. Nc3 Nc6 5. f4 d6 6. Bg2 Rb8 7. Nh3 b5 8. 0-0 b4 9. Ne2 Qb6 10. c3 Bg4 11. Bd2 c4+ 12. d4 e5 13. Nf2 Bxe2 14. Qxe2 bxc3 15. bxc3 exd4 16. Qxc4 Nge7 17. Kh1 0-0 18. Rad1 Rfc8 19. Qd3 Qb2 20. Bh3 Rd8 21. cxd4 Bxd4 22. Qc4 Bxf2 23. Rxf2 d5 24. exd5 Rxd5 25. Bg2 Rd4 26. Qc1 Qxa2 27. Rdf1 Rc4 28. Qe1 Rc2 29. f5 gxf5 30. Bxc6 Nxc6 31. Qe3 f6 32. Qh6 Qd5+ 33. Kg1 Rf8 34. Re1 a5 35. Rfe2 Nd4 0-1

[Event "Zadar op"]
[Site "Zadar"]
[Date "1998.??.??"]
[Round "8"]
[White "Vlaic, Branko"]
[Black "Bubicic, Josip"]
[Result "0-1"]
[WhiteElo "2255"]
[BlackElo "2150"]
[PlyCount "44"]
[EventDate "1998.12.??"]
[EventType "swiss"]
[EventRounds "9"]
[EventCountry "CRO"]
[SourceTitle "EXT 2000"]
[Source "ChessBase"]
[SourceDate "1999.11.16"]
[SourceVersion "1"]
[SourceVersionDate "1999.11.16"]
[SourceQuality "1"]

1. d4 d5 2. c4 e6 3. Nf3 c5 4. cxd5 exd5 5. Nc3 Nc6 6. g3 Nf6 7. Bg2 Be7 8. 0-0 0-0 9. dxc5 Bxc5 10. Na4 Be7 11. Be3 Ne4 12. Nd4 Ne5 13. Rc1 Ng4 14. Bf4 Bg5 15. Bxg5 Qxg5 16. Nf3 Qh6 17. Qxd5 Nexf2 18. Qg5 Nh3+ 19. Bxh3 Qxh3 20. Rc7 Be6 21. Nc5 Bd5 22. Qxd5 Ne3 0-1

[Event "Zadar op"]
[Site "Zadar"]
[Date "1996.??.??"]
[Round "?"]
[White "Bubicic, Josip"]
[Black "Cebalo, Miso"]
[Result "0-1"]
[WhiteElo "2230"]
[BlackElo "2495"]
[PlyCount "74"]
[EventDate "1996.12.??"]
[EventType "swiss"]
[EventRounds "9"]
[EventCountry "CRO"]
[SourceTitle "EXT 1999"]
[Source "ChessBase"]
[SourceDate "1998.11.16"]
[SourceVersion "1"]
[SourceVersionDate "1998.11.16"]
[SourceQuality "1"]

1. e4 c5 2. Nf3 d6 3. d4 cxd4 4. Nxd4 Nf6 5. Nc3 e6 6. Be3 Be7 7. Be2 Nc6 8. f4 Bd7 9. 0-0 Nxd4 10. Bxd4 Bc6 11. Bd3 0-0 12. Qf3 Nd7 13. Qg3 e5 14. Be3 Bh4 15. Qh3 exf4 16. Rxf4 Bg5 17. Rg4 Bxe3+ 18. Qxe3 Ne5 19. Rg3 Re8 20. Qd4 g6 21. Rf1 Re6 22. Bc4 Rf6 23. Nd5 Bxd5 24. exd5 Rc8 25. Rc3 Rxc4 26. Rxc4 Rxf1+ 27. Kxf1 Nxc4 28. Qxc4 Qf6+ 29. Kg1 Qxb2 30. h3 h5 31. c3 Qb6+ 32. Kh2 Qc5 33. Qd3 b5 34. Kg3 Kg7 35. Kf3 f5 36. g3 Kf6 37. h4 Ke5 0-1

[Event "CRO-chT2"]
[Site "Tucepi"]
[Date "1996.??.??"]
[Round "?"]
[White "Bubicic, Josip"]
[Black "Susak, Zeljko"]
[Result "0-1"]
[WhiteElo "2230"]
[BlackElo "2235"]
[PlyCount "100"]
[EventDate "1996.??.??"]
[EventType "team-tourn"]
[EventRounds "9"]
[EventCountry "CRO"]
[SourceTitle "EXT 1998"]
[Source "ChessBase"]
[SourceDate "1997.11.17"]
[SourceVersion "1"]
[SourceVersionDate "1997.11.17"]
[SourceQuality "1"]

1. e4 c5 2. Nf3 Nc6 3. d4 cxd4 4. Nxd4 Nf6 5. Nc3 d6 6. Bc4 Qb6 7. Nb3 e6 8. 0-0 Be7 9. Be3 Qc7 10. f4 a6 11. Bd3 b5 12. a4 b4 13. Ne2 Ng4 14. Qd2 Rb8 15. Kh1 Nxe3 16. Qxe3 Bf6 17. Rab1 0-0 18. Ng3 g6 19. Ne2 Bb7 20. f5 exf5 21. exf5 Ne5 22. fxg6 fxg6 23. Nbd4 Rbe8 24. Qg3 Qg7 25. c3 Nxd3 26. Qxd3 Be4 27. Qc4+ d5 28. Qxb4 Bxb1 29. Rxb1 Be5 30. Qc5 Qf7 31. Ng1 Bxd4 32. Qxd4 Re4 33. Qd2 Rd8 34. b3 Qf5 35. Rd1 Rf4 36. Nf3 g5 37. Qe2 a5 38. Nd4 Rf2 39. Qe1 Qf6 40. Kg1 Rb2 41. Rd2 Rxd2 42. Qxd2 Re8 43. Nf3 g4 44. Qxd5+ Kf8 45. Qd4 Qf5 46. Qd6+ Kg8 47. Qg3 Qb1+ 48. Kf2 Qc2+ 49. Kf1 Qe2+ 50. Kg1 Qd1+ 0-1

[Event "Zadar op"]
[Site "Zadar"]
[Date "1996.??.??"]
[Round "?"]
[White "Rosandic, Denis"]
[Black "Bubicic, Josip"]
[Result "1-0"]
[WhiteElo "2295"]
[BlackElo "2230"]
[PlyCount "141"]
[EventDate "1996.12.??"]
[EventType "swiss"]
[EventRounds "9"]
[EventCountry "CRO"]
[SourceTitle "EXT 1999"]
[Source "ChessBase"]
[SourceDate "1998.11.16"]
[SourceVersion "1"]
[SourceVersionDate "1998.11.16"]
[SourceQuality "1"]

1. e4 e5 2. Nf3 Nc6 3. Nc3 Nf6 4. d4 exd4 5. Nxd4 Bb4 6. Nxc6 bxc6 7. Bd3 d5 8. exd5 cxd5 9. 0-0 0-0 10. Bg5 c6 11. Na4 Be6 12. c3 Bd6 13. Re1 c5 14. Bc2 h6 15. Bh4 c4 16. Qd4 Rc8 17. h3 Bd7 18. Rad1 g5 19. Bg3 Bxg3 20. fxg3 Bxa4 21. Bxa4 Qb6 22. Re7 Rb8 23. b3 Ne4 24. Rc1 Nxg3 25. Qxb6 Rxb6 26. Kh2 Nh5 27. Rd1 Re6 28. Rxa7 Nf4 29. Rd2 Re3 30. bxc4 dxc4 31. Rc7 Rxc3 32. Bb5 Rd3 33. Rf2 Rd4 34. Bxc4 Nd5 35. Rc5 Ne3 36. Bb3 Kg7 37. Rf3 Re4 38. Rc7 g4 39. Rfxf7+ Rxf7 40. Rxf7+ Kg6 41. Rf8 h5 42. hxg4 hxg4 43. Kg3 Kg5 44. Rg8+ Kf6 45. Rf8+ Kg5 46. Rg8+ Kf6 47. Kf2 Re5 48. Rd8 Kg5 49. g3 Re7 50. Rc8 Re5 51. Ra8 Re7 52. Rb8 Nf5 53. Rb5 Kf6 54. Rb4 Kg5 55. Bd1 Ne3 56. Rb5+ Kf6 57. Bb3 Nf5 58. Bd1 Ne3 59. Be2 Re4 60. a3 Re7 61. a4 Re4 62. a5 Nc2 63. Bd3 Rd4 64. Rb3 Nb4 65. Be2 Nd5 66. Rd3 Rxd3 67. Bxd3 Ke5 68. Be2 Kf5 69. Bb5 Nc7 70. Bd7+ Kg5 71. Ke3 1-0